[Event "Stein am Rhein op 12th"]
[Site "Stein am Rhein"]
[Date "2021.11.06"]
[Round "2"]
[White "Meissner, Fabian"]
[Black "Vuelban, Virgilio"]
[Result "1-0"]
[WhiteElo "1706"]
[BlackElo "2276"]
[PlyCount "75"]
[EventDate "2021.11.05"]
[EventType "swiss"]
[EventRounds "5"]
[EventCountry "SUI"]
[SourceTitle "EXT 2023"]
[Source "ChessBase"]
[SourceDate "2022.10.05"]
[SourceVersion "1"]
[SourceVersionDate "2022.10.05"]
[SourceQuality "1"]

1. d4 d5 2. Nf3 c6 3. c4 Nf6 4. Nc3 a6 5. Bg5 Ne4 6. Bh4 Nxc3 7. bxc3 dxc4 8. e4 b5 9. Be2 Nd7 10. 0-0 Nf6 11. Qc2 g6 12. Ne5 Bb7 13. Rad1 Bg7 14. f4 0-0 15. f5 Qc8 16. Ng4 Qd7 17. e5 Nxg4 18. Bxg4 e6 19. f6 Bh6 20. Be1 Rfd8 21. Bd2 Bf8 22. Qc1 c5 23. Bh6 Qe8 24. Bf3 Bxf3 25. Rxf3 cxd4 26. cxd4 Bxh6 27. Qxh6 Qf8 28. Qd2 b4 29. h4 c3 30. Qc1 Rac8 31. h5 c2 32. Rdd3 Rd7 33. hxg6 fxg6 34. Rf2 Qd8 35. Rxc2 Rxc2 36. Qxc2 Rxd4 37. f7+ Kg7 38. f8Q+ 1-0

[Event "Wohlen op 1st"]
[Site "Wohlen"]
[Date "2020.08.22"]
[Round "3"]
[White "Range, Andreas"]
[Black "Meissner, Fabian"]
[Result "1/2-1/2"]
[WhiteElo "1867"]
[BlackElo "1740"]
[PlyCount "67"]
[EventDate "2020.08.21"]
[EventType "swiss"]
[EventRounds "5"]
[EventCountry "SUI"]
[SourceTitle "CBM 198 Extra"]
[Source "ChessBase"]
[SourceDate "2020.11.30"]
[SourceVersion "1"]
[SourceVersionDate "2020.11.30"]
[SourceQuality "1"]

1. d4 Nf6 2. Nf3 e6 3. c4 b6 4. g3 Bb7 5. Bg2 Be7 6. 0-0 0-0 7. Nc3 d5 8. Ne5 Nbd7 9. Qb3 dxc4 10. Qxc4 Bxg2 11. Kxg2 Nxe5 12. dxe5 Nd7 13. f4 c5 14. Rd1 Qc7 15. Nb5 Qc6+ 16. e4 a6 17. Nd6 b5 18. Qd3 c4 19. Qe3 Nc5 20. b3 cxb3 21. axb3 Rfd8 22. Ba3 Bxd6 23. exd6 Qxe4+ 24. Qxe4 Nxe4 25. Rd3 Rac8 26. Rad1 a5 27. d7 Rc2+ 28. Kf3 b4 29. Bxb4 Ng5+ 30. fxg5 axb4 31. h4 Rc3 32. Rxc3 bxc3 33. Rc1 Rxd7 34. Rxc3 1/2-1/2

[Event "Wil Acrevis op 1st"]
[Site "Wil"]
[Date "2020.06.20"]
[Round "2"]
[White "Boehning, Kilian"]
[Black "Meissner, Fabian"]
[Result "1-0"]
[WhiteElo "2199"]
[BlackElo "1741"]
[PlyCount "59"]
[EventDate "2020.06.19"]
[EventType "swiss"]
[EventRounds "5"]
[EventCountry "SUI"]
[SourceTitle "CBM 197 Extra"]
[Source "ChessBase"]
[SourceDate "2020.09.30"]
[SourceVersion "1"]
[SourceVersionDate "2020.09.30"]
[SourceQuality "1"]

1. d4 Nf6 2. Nc3 e6 3. Bf4 c6 4. e3 d5 5. Bd3 Nbd7 6. Nf3 Be7 7. h3 0-0 8. Ne5 c5 9. 0-0 a6 10. b3 b5 11. Nc6 Qe8 12. Re1 Bb7 13. Nxe7+ Qxe7 14. Bg5 c4 15. Bf1 Qb4 16. Qd2 Rac8 17. a3 Qd6 18. b4 e5 19. dxe5 Nxe5 20. a4 Nh5 21. axb5 axb5 22. Bf4 Nxf4 23. exf4 Ng6 24. f5 Nh4 25. Qg5 Qxb4 26. Na2 Qb2 27. Qxh4 Ra8 28. f6 Rxa2 29. Rxa2 Qxa2 30. Qg5 1-0

[Event "Stein am Rhein op 11th"]
[Site "Stein am Rhein"]
[Date "2020.02.08"]
[Round "3"]
[White "Dohon, Marius"]
[Black "Meissner, Fabian"]
[Result "1-0"]
[WhiteElo "1762"]
[BlackElo "1765"]
[PlyCount "53"]
[EventDate "2020.02.07"]
[EventType "swiss"]
[EventRounds "5"]
[EventCountry "SUI"]
[SourceTitle "CBM 195 Extra"]
[Source "ChessBase"]
[SourceDate "2020.05.31"]
[SourceVersion "1"]
[SourceVersionDate "2020.05.31"]
[SourceQuality "1"]

1. d4 Nf6 2. Nf3 e6 3. g3 d5 4. Bg2 c5 5. c4 Be7 6. 0-0 0-0 7. Nc3 Nc6 8. dxc5 dxc4 9. Qa4 Bxc5 10. Qxc4 Be7 11. Be3 Bd7 12. Rad1 Qa5 13. Bg5 Rfd8 14. e4 Rac8 15. Qe2 Ne5 16. Nxe5 Qxe5 17. Bf4 Qa5 18. e5 Nd5 19. Bxd5 exd5 20. Rxd5 Rc5 21. Rfd1 Be6 22. Rxd8+ Bxd8 23. b4 Qc7 24. bxc5 Be7 25. Nd5 Qxc5 26. Nxe7+ Qxe7 27. Qd2 1-0

[Event "Stuttgart-chB op"]
[Site "Ditzingen"]
[Date "2015.05.15"]
[Round "4"]
[White "Meissner, Fabian"]
[Black "Stegmiller, Dennis"]
[Result "1-0"]
[WhiteElo "1666"]
[BlackElo "1349"]
[PlyCount "45"]
[EventDate "2015.05.17"]
[EventType "swiss"]
[EventRounds "7"]
[EventCountry "GER"]
[SourceTitle "EXT 2018"]
[Source "ChessBase"]
[SourceDate "2017.10.13"]
[SourceVersion "1"]
[SourceVersionDate "2017.10.13"]
[SourceQuality "1"]

1. d4 Nf6 2. c4 g6 3. Nc3 Bg7 4. Nf3 d6 5. e3 0-0 6. Be2 Nbd7 7. 0-0 e5 8. Qc2 exd4 9. exd4 b6 10. Bg5 Bb7 11. Rfe1 c6 12. d5 Qc7 13. dxc6 Qxc6 14. Rad1 d5 15. Nxd5 Nxd5 16. Rxd5 Rac8 17. Qd2 Nc5 18. Rd6 Qa4 19. b3 Qa3 20. Rd8 Rcxd8 21. Bxd8 Ne4 22. Qd7 Ba8 23. Be7 1-0

[Event "Stuttgart-chB op"]
[Site "Ditzingen"]
[Date "2015.05.14"]
[Round "2"]
[White "Funk, Christian"]
[Black "Meissner, Fabian"]
[Result "0-1"]
[WhiteElo "1450"]
[BlackElo "1666"]
[PlyCount "75"]
[EventDate "2015.05.17"]
[EventType "swiss"]
[EventRounds "7"]
[EventCountry "GER"]
[SourceTitle "EXT 2018"]
[Source "ChessBase"]
[SourceDate "2017.10.13"]
[SourceVersion "1"]
[SourceVersionDate "2017.10.13"]
[SourceQuality "1"]

1. d4 Nf6 2. c4 e6 3. Nc3 b6 4. Bg5 Be7 5. Nf3 Bb7 6. e3 0-0 7. Bd3 d5 8. 0-0 dxc4 9. Bxc4 Nbd7 10. Rc1 c5 11. Bf4 Nh5 12. Bg3 Nxg3 13. hxg3 Rc8 14. Qe2 cxd4 15. Nxd4 Ne5 16. Ba6 Bxa6 17. Qxa6 Bc5 18. Nb3 Qe7 19. Ne4 Rc7 20. Nexc5 bxc5 21. Rc2 Rfc8 22. Rfc1 c4 23. Nd4 Nd3 24. Rd1 Nb4 25. Qa4 Nxc2 26. Nxc2 Rd8 27. Rc1 Qd7 28. Qa5 Qd6 29. Nd4 a6 30. b3 Rdc8 31. b4 c3 32. b5 Rc5 33. Qa4 axb5 34. Nxb5 Qc6 35. Rxc3 Rxc3 36. Nxc3 Qxc3 37. Kh2 Qf6 38. Qg4 0-1